• 首页
  • 本馆介绍
  • 公告通知
  • 最新文献
  • 馆藏检索
  • 电子资源
  • 读者导购
  • 参考咨询
  • 我的图书馆
  • 登录
  • 详细信息显示
  • 放入我的书架
  • 预约/预借图书
  • 作者相关作品
  • 分类相关作品
  • 丛书相关作品
  • 出版社相关作品

书目信息

  • 表格格式
  • 工作单格式
  • 卡片格式
题名:
自贡景物志
    
 
作者: 陈刚 著 ;曾鸣 图
分册:  
出版信息: 成都   四川人民出版社  2022
页数: 185页
开本: 24cm
丛书名:
单 册:
中图分类: K928.707.13 , K928.7
科图分类:
主题词: 景物--概况--自贡
电子资源:
ISBN: 978-7-220-12151-7
000 00712nam0 2200241 450
001 2367592272
005 20231119184643.38
010    @a978-7-220-12151-7@dCNY86.00
100    @a20220615d2022 em y0chiy50 ea
101 0  @achi
102    @aCN@b510000
105    @aa z 000yy
200 1  @a自贡景物志@Azi gong jing wu zhi@f陈刚著@g曾鸣图
210    @a成都@c四川人民出版社@d2022
215    @a185页@c图@d24cm
330    @a本书收录了自贡辖区内介绍43个“景物”的文章,对应创作并配发水彩画43幅。
606 0  @a景物@x概况@y自贡
690    @aK928.707.13@v5
690    @aK928.7@v4
701  0 @a陈刚@Achen gang@4著
702  0 @a曾鸣@Azeng ming@4图
801  0 @aCN@b山东中教@c20231119
905    @aBZT@dK928.7@e32
    
    自贡景物志/陈刚著/曾鸣图.-成都:四川人民出版社,2022
    185页:图;24cm
    
    
    ISBN 978-7-220-12151-7:CNY86.00
    本书收录了自贡辖区内介绍43个“景物”的文章,对应创作并配发水彩画43幅。
●
相关链接 在五车中查询图书 在当当中查询图书 在豆瓣中查询图书


正题名:自贡景物志     索取号:K928.7/32         预约/预借

序号 登录号 条形码 馆藏地/架位号 状态 备注
1 2000986181   2000986181   中教第一批/山东中教(第一批)/349/ [索取号:K928.7/32] 在馆    
2 2000986182   2000986182   中教第一批/山东中教(第一批)/349/ [索取号:K928.7/32] 在馆    
3 2000986183   2000986183   中教第一批/山东中教(第一批)/349/ [索取号:K928.7/32] 在馆    
4 2000986184   2000986184   中教第一批/山东中教(第一批)/349/ [索取号:K928.7/32] 在馆    
5 2000986185   2000986185   中教第一批/山东中教(第一批)/349/ [索取号:K928.7/32] 在馆    
6 2000986186   2000986186   中教第一批/山东中教(第一批)/349/ [索取号:K928.7/32] 在馆    
山东省滨州职业学院图书馆 欢迎您!
大连网信软件有限公司© 版权所有